Efektívnosť hnojenia dusíkom pri ozimnej raži "Kustro" pestovanej na zrno

Bibliographic Details
Main Author: Balšan, J. (Author)
Format: Article
Language:Slovak
Subjects:

MARC

LEADER 00000nab a2200000 a 4500
001 vtls000095933
003 SK-MaSNL
005 20260303202542.0
008 111031c1981 xo 0 slo
015 |a SNBRA19rr/mm-uuuuu 
035 |a CL0106036 
040 |a SNKBUCL  |b slo  |c SNKBUCL  |e AACR2 
041 0 |a slo 
044 |a xo  |c SK 
080 |a 631.8  |2 1981 
080 |a 633.1  |2 1981 
100 1 |a Balšan, J.  |4 aut  |9 269935 
245 1 0 |a Efektívnosť hnojenia dusíkom pri ozimnej raži "Kustro" pestovanej na zrno  |c J. Balšan 
300 |b Tb. 3. Res. angl., rus. 
650 0 7 |a ozimná raž  |2 snkbucl  |9 109028 
650 0 7 |a dusíkaté hnojivá  |2 snkbucl  |9 17141 
655 7 |a články zo zborníkov  |2 snkbucl  |9 166140 
773 0 |t Vedecké práce Výskumného ústavu rastlinnej výroby v Piešťanoch 18. Obilniny  |d Bratislava : Príroda, 1981  |g S. 123-133 
850 |a Slovenská národná knižnica v Martine  |a MTA001 
852 |a SNK  |b KIS3GCP 
958 |a RK 
992 |a RZB 
999 |c 2180263  |d 2182193